000 00548nam a2200181Ia 4500
003 GCL
008 140319s9999 xx 000 0 ara d
040 _aGCL /
_cGCL
082 0 4 _a332.1
_bف ف
100 1 _aفاطمة جروه يونس
245 1 0 _aالفنون التجارية:العمليات المصرفية و التجارية /
_cفاطمة جروه يونس
490 _a
650 0 4 _aادارة الاعمال
650 0 4 _aالادارة
650 0 4 _aادارة الاعلانات
650 0 4 _aالبنوك
942 _2ddc
_cBK
999 _c41287
_d41287